|
|
|
|
| LEADER |
01000nam a2200241 a 4500 |
| 001 |
3431428 |
| 008 |
091115s1991 enka b 001 0 eng d |
| 010 |
|
|
|a 91008046
|
| 020 |
|
|
|a 0521380731
|
| 040 |
|
|
|a DLC
|c DLC
|d DLC
|
| 082 |
0 |
0 |
|a 333.91/3/091724
|2 20
|
| 100 |
1 |
|
|a Small, Leslie E.
|
| 245 |
1 |
0 |
|a Farmer-financed irrigation :
|b the economics of reform /
|c Leslie E. Small, Ian Carruthers.
|
| 260 |
|
|
|a Cambridge [England] ;
|a New York :
|b Cambridge University Press,
|c 1991.
|
| 300 |
|
|
|a xiii, 233 p. :
|b ill. ;
|c 24 cm.
|
| 490 |
0 |
|
|a Wye studies in agricultural and rural development
|
| 504 |
|
|
|a Includes bibliographical references (p. [226]-228) and index.
|
| 541 |
1 |
|
|e 00011214
|
| 650 |
|
0 |
|a Irrigation
|z Developing countries
|x Finance.
|
| 700 |
1 |
|
|a Carruthers, Ian D.
|
| 852 |
4 |
|
|a Ayesha Abed Library
|j General Shelf
|
| 999 |
|
|
|c 8035
|d 8035
|
| 952 |
|
|
|0 0
|1 0
|2 ddc
|4 0
|6 333_913091724000000_SMA_1991
|7 0
|9 9110
|a BRACUL
|b BRACUL
|c GEN
|d 2010-04-08
|l 0
|o 333.913091724 SMA
|p 3010011214
|r 2010-04-08
|t 1
|w 2010-04-08
|y BK
|